Govt. of
Madhya Pradesh

सुधा ओम ढींगरा रचनात्‍मकता की दिशाऍं (Record no. 60485)

MARC details
000 -LEADER
fixed length control field 00507nam a22001457a 4500
003 - CONTROL NUMBER IDENTIFIER
control field MACL
005 - DATE AND TIME OF LATEST TRANSACTION
control field 20190707160826.0
008 - FIXED-LENGTH DATA ELEMENTS--GENERAL INFORMATION
fixed length control field 190707b xxu||||| |||| 00| 0 eng d
040 ## - CATALOGING SOURCE
Transcribing agency MACL
100 ## - MAIN ENTRY--PERSONAL NAME
Personal name गुप्‍ता,वंदना
9 (RLIN) 75862
245 ## - TITLE STATEMENT
Title सुधा ओम ढींगरा रचनात्‍मकता की दिशाऍं
260 ## - PUBLICATION, DISTRIBUTION, ETC. (IMPRINT)
Place of publication, distribution, etc. दिल्‍ली
Name of publisher, distributor, etc. शिवना प्रकाशन
Date of publication, distribution, etc. 2016
650 ## - SUBJECT ADDED ENTRY--TOPICAL TERM
Topical term or geographic name as entry element साहित्‍य
9 (RLIN) 75864
942 ## - ADDED ENTRY ELEMENTS (KOHA)
Source of classification or shelving scheme
Koha item type Hindi Books

No items available.